[Event "NED-chT 1617"]
[Site "Netherlands"]
[Date "2017.02.04"]
[Round "6.10"]
[White "De Schampheleire, Glen"]
[Black "Jens, Jelmer"]
[Result "1/2-1/2"]
[WhiteElo "2325"]
[BlackElo "2386"]
[PlyCount "43"]
[EventDate "2016.09.17"]
[EventType "team-tourn"]
[EventRounds "9"]
[EventCountry "NED"]
[SourceTitle "EXT 2018"]
[Source "ChessBase"]
[SourceDate "2017.10.13"]
[SourceVersion "1"]
[SourceVersionDate "2017.10.13"]
[SourceQuality "1"]
[WhiteTeam "Sas van Gent"]
[BlackTeam "Leiden LSG"]
[WhiteTeamCountry "NED"]
[BlackTeamCountry "NED"]

1. Nf3 f5 2. d3 Nc6 3. d4 e6 4. g3 Nf6 5. Bg2 d5 6. b3 Bd6 7. Bb2 a5 8. c4 Ne4 9. a3 0-0 10. Nc3 b6 11. cxd5 exd5 12. Nxd5 Bxg3 13. hxg3 Qxd5 14. Ng5 h6 15. Nxe4 fxe4 16. Rc1 Bf5 17. 0-0 Rac8 18. Rc4 a4 19. Rxa4 b5 20. Ra6 Nb8 21. Ra5 Nc6 22. Ra6 1/2-1/2